|
|
|
|
| LEADER |
00843nas a22002057i 4500 |
| 003 |
GR-PaULI |
| 008 |
161121c19869999gr br|p |||| 00| b gre d |
| 952 |
|
|
|0 0
|1 0
|2 ddc
|4 0
|6 805_000000000000000
|7 1
|9 323965
|a LISP
|b LISP
|c SER
|d 2021-03-05
|e ΠΑΤ
|i ΠΑΤ 378
|l 0
|o 805
|r 2021-03-05 00:00:00
|w 2021-03-05
|y JNL
|
| 999 |
|
|
|c 181993
|d 181993
|
| 040 |
|
|
|a GR-PaULI
|b gre
|e AACR2
|c GR-PaULI
|
| 082 |
|
|
|2 23
|a 805
|
| 245 |
0 |
0 |
|a Σκέψη και τέχνη :
|b δίμηνη έκδοση
|
| 260 |
|
|
|a Αθήνα :
|b Δ. Φλωράκης
|
| 300 |
|
|
|a τχ. :
|b εικ. ;
|c 23 εκ.
|
| 362 |
|
|
|a Άρχισε με το τεύχος 6 (1986).
|
| 588 |
|
|
|a Η περιγραφή βασίζεται στο τεύχος 6 (1986).
|
| 650 |
|
0 |
|a Λογοτεχνία
|9 180572
|x Περιοδικά
|
| 866 |
|
|
|a τχ. 6 (1986)
|
| 942 |
|
|
|2 ddc
|c JNL
|
| 998 |
|
|
|c ΙΩΑΝΝΟΥ
|d 2021-02
|